MLB TEAM BY JERSEY - Statistics

General Stats
  • This quiz has been taken 91 times
  • The average score is 26 of 30
Answer Stats
Picture Answer % Correct
Houston Astros
98%
Chicago Cubs
96%
New York Mets
96%
Texas Rangers
95%
Colorado Rockies
94%
Los Angeles Dodgers
94%
Cleveland Guardians
93%
Kansas City Royals
93%
Oakland Athletics
93%
Atlanta Braves
91%
Seattle Mariners
91%
St. Louis Cardinals
91%
Detroit Tigers
89%
Milwaukee Brewers
89%
New York Yankees
89%
Chicago White Sox
88%
Miami Marlins
88%
San Francisco Giants
88%
Pittsburgh Pirates
86%
Washington Nationals
86%
Baltimore Orioles
85%
Boston Red Sox
85%
Los Angeles Angels
85%
Philadelphia Phillies
85%
San Diego Padres
85%
Cincinnati Reds
84%
Tampa Bay Rays
84%
Minnesota Twins
80%
Arizona Diamondbacks
76%
Toronto Blue Jays
74%
No matching quizzes found
Score Distribution
Percent of People with Each Score
Percentile by Number Answered
Your Score History
You have not taken this quiz